000
00285nam a2200109Ia 4500
008
200302s9999 xx 000 0 und d
100
_a
Andreas Feininger
245
_a
Roots of Art The Sketchbook of a Photographer
260
_b
Thamas and Hudson Ltd.
260
_c
1975
300
_a
176 P.,
999
_c
268
_d
268